000 00492pab a2200181 454500
008 180718b2015 xxu||||| |||| 00| 0 eng d
100 _aSa, Sachita Nanda
245 _aPublic health expenditure in India, 1991-2009: growth and instability
260 _c2015
300 _ap.103-122.
362 _aJun
650 _aHealth services - India
650 _aPublic health - India
650 _aPublic health
700 _aSridevi, G.
773 _aMan and Development
909 _a108958
999 _c108953
_d108953